| 000 | 00511nam a2200169 a 4500 | ||
|---|---|---|---|
| 005 | 20140412111246.0 | ||
| 008 | 010329s19uu xx 00 eng d | ||
| 020 | _a0-673-24018-5 | ||
| 050 |
_aTR(GS 510 _bCHA 1985 |
||
| 100 | _aCharuhas, Mary S. | ||
| 245 |
_aEssential mathematics for life : _bpercent, graphs and measurement / _cMary S. Charuhas. |
||
| 250 | _a2nd edition | ||
| 260 |
_aGlenview, Ill : _bScott, Foresman and Company, _c1985. |
||
| 300 | _a164p. | ||
| 650 | _aMathematics | ||
| 999 |
_c102935 _d102935 |
||